[Event "World Blitz 2015"]
[Site "Berlin GER"]
[Date "2015.10.13"]
[Round "5.35"]
[White "Kovalev, Vladislav"]
[Black "Bauer, Christian"]
[Result "0-1"]
[WhiteTitle "GM"]
[BlackTitle "GM"]
[WhiteElo "2546"]
[BlackElo "2623"]
[WhiteFideId "13504398"]
[BlackFideId "603767"]
[EventDate "2015.10.13"]

1. d4 a6 2. e4 e6 3. Bd3 d5 4. e5 Bd7 5. f4 c5 6. Nf3 cxd4 7. Nbd2 Nc6 8. Nb3
Qb6 9. a3 Nh6 10. O-O a5 11. Kh1 a4 12. Nbd2 Ng4 13. Qe2 h5 14. Re1 Be7 15. b4
Na7 16. Bb2 Nb5 17. Nf1 Nc3 18. Qd2 Rc8 19. h3 Nh6 20. Qf2 Nf5 21. Bxf5 exf5 22.
Nxd4 Ne4 23. Qe3 Qg6 24. Rad1 O-O 25. Kh2 h4 26. c3 Rfd8 27. Qf3 Bf8 28. Rc1 Be7
29. Ne3 Qg3+ 30. Qxg3 hxg3+ 31. Kg1 g6 32. Nxd5 Bf8 33. c4 Be6 34. Ne3 Nd2 35.
c5 Nb3 36. Rcd1 Nxd4 37. Bxd4 Bb3 38. Rd2 Rd7 39. Bc3 Rxd2 40. Bxd2 Rd8 41. Bc1
Rd3 42. Nf1 Be7 43. Bb2 Bh4 44. Rc1 Bd5 45. Rc3 Rd1 46. Rc1 Rd3 47. Rc3 Rd4 48.
Rc1 Rxf4 49. b5 Rf2 50. Bd4 Rxg2+ 0-1

[Event "World Blitz 2015"]
[Site "Berlin GER"]
[Date "2015.10.13"]
[Round "5.36"]
[White "Van Foreest, Jorden"]
[Black "Anton Guijarro, David"]
[Result "0-1"]
[WhiteTitle "IM"]
[BlackTitle "GM"]
[WhiteElo "2548"]
[BlackElo "2634"]
[WhiteFideId "1039784"]
[BlackFideId "2285525"]
[EventDate "2015.10.13"]

1. e4 g6 2. d4 Bg7 3. c3 d6 4. Nf3 Nc6 5. Bc4 Nf6 6. d5 Nb8 7. Qe2 O-O 8. O-O c6
9. dxc6 Nxc6 10. h3 a6 11. Bf4 b5 12. Bb3 Bb7 13. Nbd2 Nd7 14. a4 b4 15. cxb4
Nxb4 16. Be3 a5 17. Rab1 Rb8 18. Bc4 Nc2 19. Bf4 Nc5 20. Rfd1 Ne6 21. Bg3 Ncd4
22. Nxd4 Nxd4 23. Qd3 Ba8 24. b3 Nc6 25. Bb5 Nb4 26. Qe2 Qb6 27. Nc4 Qa7 28. Bf4
Bc6 29. Be3 Qa8 30. Nb6 Qb7 31. Bxc6 Qxc6 32. Rbc1 Qb7 33. Rc4 Rfe8 34. Rdc1 Qa6
35. Nd7 Rbd8 36. Nb6 Rb8 37. Nd7 Rbd8 38. Qg4 h5 39. Qg5 Rxd7 40. Qb5 Qxb5 41.
axb5 Rb7 42. b6 Be5 43. Rc8 Rxc8 44. Rxc8+ Kg7 45. Rc7 Rb8 46. b7 d5 47. Rxe7 d4
48. Bd2 Nc6 49. Rd7 Kf6 50. f3 Ke6 51. Rd5 Bc7 52. Rc5 Kd7 53. Rd5+ Ke6 54. Rc5
Kd6 55. Rd5+ Ke7 56. Rc5 Rxb7 57. Rxc6 Bd6 58. e5 Bb4 59. Bxb4+ Rxb4 60. Rd6 d3
61. Rxd3 Rf4 62. Rd5 Rb4 63. Rxa5 Rxb3 64. Kf2 Ke6 65. h4 Rd3 66. g3 Rd5 67. Ra7
Rxe5 0-1

[Event "World Blitz 2015"]
[Site "Berlin GER"]
[Date "2015.10.13"]
[Round "5.37"]
[White "Sumets, Andrey"]
[Black "Heimann, Andreas"]
[Result "1/2-1/2"]
[WhiteTitle "GM"]
[BlackTitle "IM"]
[WhiteElo "2583"]
[BlackElo "2546"]
[WhiteFideId "14105500"]
[BlackFideId "24624632"]
[EventDate "2015.10.13"]

1. d4 Nf6 2. c4 e6 3. Nf3 b6 4. g3 Bb4+ 5. Bd2 Be7 6. Bg2 c6 7. O-O O-O 8. Bf4
d5 9. Nc3 Bb7 10. Rc1 dxc4 11. Ne5 Nd5 12. Nxc4 Na6 13. a3 c5 14. dxc5 Nxc3 15.
Rxc3 Bxg2 16. Kxg2 Nxc5 17. Qc2 Qd5+ 18. f3 Rfd8 19. b4 Nd7 20. Bc7 Rdc8 21. Rd1
Qb7 22. Rxd7 Rxc7 23. Nxb6 Rxd7 24. Nxa8 Bd8 25. Rc8 g6 26. Qc6 Qxc6 27. Rxc6
Kg7 28. Rc8 Kf6 29. a4 Ke7 30. a5 Rb7 31. Rc6 Rb8 32. Nc7 Kd7 33. Ra6 Bxc7 34.
Rxa7 Rxb4 35. a6 Rb8 36. Kh3 Kc6 1/2-1/2

[Event "World Blitz 2015"]
[Site "Berlin GER"]
[Date "2015.10.13"]
[Round "5.38"]
[White "Ponomariov, Ruslan"]
[Black "Carow, Johannes"]
[Result "1-0"]
[WhiteTitle "GM"]
[BlackTitle "FM"]
[WhiteElo "2710"]
[BlackElo "2431"]
[WhiteFideId "14103320"]
[BlackFideId "24692050"]
[EventDate "2015.10.13"]

1. e4 c5 2. Nf3 Nc6 3. Bb5 g6 4. Bxc6 dxc6 5. d3 Bg7 6. h3 e5 7. O-O Ne7 8. Nbd2
O-O 9. a3 h6 10. b4 cxb4 11. axb4 Be6 12. Bb2 Qc7 13. Qe2 Rfe8 14. Nc4 f6 15.
Nfd2 b5 16. Ne3 f5 17. Nb3 f4 18. Nc5 Bf7 19. Ng4 h5 20. Nh2 g5 21. Rfd1 Nc8 22.
d4 Nd6 23. Nf3 Nc4 24. Bc3 exd4 25. Bxd4 Bh6 26. c3 Qe7 27. Ra6 g4 28. hxg4 hxg4
29. Nh2 f3 30. gxf3 gxf3 31. Qxf3 Qg5+ 32. Kh1 Bh5 33. Rg1 Bxf3+ 34. Nxf3 Qxg1+
35. Kxg1 Rec8 36. Nh4 Bg7 37. Nf5 Bxd4 38. cxd4 Kh8 39. Kg2 Nb6 40. Kf3 Rg8 41.
Ra1 Rg5 42. Rh1+ Kg8 43. Ne6 1-0

[Event "World Blitz 2015"]
[Site "Berlin GER"]
[Date "2015.10.13"]
[Round "5.40"]
[White "Morozevich, Alexander"]
[Black "Papin, Vasily"]
[Result "1-0"]
[WhiteTitle "GM"]
[BlackTitle "GM"]
[WhiteElo "2711"]
[BlackElo "2502"]
[WhiteFideId "4116992"]
[BlackFideId "4143183"]
[EventDate "2015.10.13"]

1. e4 c5 2. Nf3 e6 3. d4 cxd4 4. Nxd4 a6 5. Bd3 g6 6. O-O Bg7 7. Be3 Qc7 8. c3
Nf6 9. f4 d6 10. a4 Nbd7 11. Nd2 b6 12. Qe2 Bb7 13. Bf2 O-O 14. N4f3 Rfe8 15.
Kh1 e5 16. fxe5 Nxe5 17. Nxe5 Rxe5 18. Bd4 Re6 19. Rf2 Nxe4 20. Nxe4 Bxd4 21.
cxd4 Bxe4 22. Bxe4 d5 23. Qc2 Rc6 24. Rxf7 Qc8 25. Qb3 Rc1+ 26. Rf1 1-0

[Event "World Blitz 2015"]
[Site "Berlin GER"]
[Date "2015.10.13"]
[Round "5.41"]
[White "Ehlvest, Jaan"]
[Black "Savchenko, Boris"]
[Result "1-0"]
[WhiteTitle "GM"]
[BlackTitle "GM"]
[WhiteElo "2535"]
[BlackElo "2567"]
[WhiteFideId "4500016"]
[BlackFideId "4147332"]
[EventDate "2015.10.13"]

1. Nf3 d5 2. c4 d4 3. b4 f6 4. Bb2 e5 5. a3 c5 6. bxc5 Nc6 7. d3 Bxc5 8. g3 f5
9. Nbd2 Nf6 10. Nb3 Bd6 11. Bg2 a5 12. c5 Be7 13. Qc2 Be6 14. O-O O-O 15. Nxe5
Nxe5 16. Nxd4 Bc8 17. Nxf5 Bxf5 18. Bxe5 Nd7 19. Bd4 Rb8 20. Rab1 Qc7 21. Rfc1
Bf6 22. Be3 Kh8 23. Rb5 Ne5 24. Qb3 Ng4 25. Bf4 Be5 26. Bxe5 Qxe5 27. Qb2 Qe7
28. e4 Bd7 29. Rxb7 Rxb7 30. Qxb7 Qf6 31. Rf1 Bc6 32. Qc7 Rd8 33. h3 Ne5 34. f4
Nxd3 35. e5 Qf8 36. Qxc6 Rc8 37. Qd5 Rd8 38. Qc4 Nxc5 39. e6 Qd6 40. Re1 Qd2 41.
Qe2 Qd4+ 42. Kh2 Re8 43. e7 Qd6 44. Qe5 Qb6 45. Rd1 Nb3 46. Qd6 Qb5 47. Qd7 Qxd7
48. Rxd7 Nc5 49. Rd8 1-0

[Event "World Blitz 2015"]
[Site "Berlin GER"]
[Date "2015.10.13"]
[Round "5.42"]
[White "Matlakov, Maxim"]
[Black "Khismatullin, Denis"]
[Result "1-0"]
[WhiteTitle "GM"]
[BlackTitle "GM"]
[WhiteElo "2689"]
[BlackElo "2651"]
[WhiteFideId "4168003"]
[BlackFideId "4142578"]
[EventDate "2015.10.13"]

1. Nf3 d5 2. g3 c6 3. Bg2 Bg4 4. c4 e6 5. O-O Nd7 6. cxd5 exd5 7. d3 Bd6 8. Nc3
Ne7 9. Qc2 O-O 10. e4 Re8 11. h3 Bh5 12. Bg5 f6 13. Be3 Bf7 14. Rfe1 Rc8 15.
Rad1 Qa5 16. a3 Ng6 17. b4 Qd8 18. Nd4 Bf8 19. Qb2 Nb6 20. a4 dxe4 21. Nxe4 Nxa4
22. Qa3 b5 23. Nf5 a5 24. Bc5 axb4 25. Bxb4 c5 26. Bd2 Ne5 1-0

[Event "World Blitz 2015"]
[Site "Berlin GER"]
[Date "2015.10.13"]
[Round "5.43"]
[White "Swiercz, Dariusz"]
[Black "Bruzon Batista, Lazaro"]
[Result "1/2-1/2"]
[WhiteTitle "GM"]
[BlackTitle "GM"]
[WhiteElo "2620"]
[BlackElo "2659"]
[WhiteFideId "1126881"]
[BlackFideId "3503739"]
[EventDate "2015.10.13"]

1. Nf3 Nf6 2. g3 d5 3. Bg2 e6 4. c4 Be7 5. O-O O-O 6. Qc2 d4 7. d3 c5 8. b4 cxb4
9. a3 b3 10. Qxb3 Nc6 11. Nbd2 Nd7 12. Qc2 e5 13. Nb3 a5 14. a4 Ra6 15. Bd2 Nb4
16. Qb2 Re8 17. Ne1 b6 18. Nc2 Nxc2 19. Qxc2 Ra7 20. e3 dxe3 21. Bxe3 Bb7 22.
Bxb7 Rxb7 23. d4 exd4 24. Nxd4 Ne5 25. Qe4 Qb8 26. Bf4 Bf6 27. Rfe1 Rbe7 28. Kg2
Qc8 29. Nf5 Re6 30. Nd4 R6e7 31. Nf5 Ng6 32. Nxe7+ Rxe7 33. Qf3 Bxa1 34. Rxa1 h5
35. Rd1 h4 36. Bg5 h3+ 37. Kg1 Re8 38. Qd5 Qg4 39. Be3 Ne5 40. Kf1 Nxc4 41. Rd4
Nxe3+ 42. fxe3 Qg6 43. e4 Qf6+ 44. Ke2 Rc8 45. Qd7 Rc2+ 46. Kd3 Rxh2 47. e5 Qf3+
48. Kc4 Rc2+ 49. Kb5 Qe2+ 50. Kxb6 Rb2+ 51. Ka7 Qe3 52. Qc8+ Kh7 53. Qxh3+ Kg8
54. Qc8+ Kh7 55. Qf5+ Kg8 56. Qc8+ Kh7 57. Qf5+ Kg8 58. Qc8+ 1/2-1/2

[Event "World Blitz 2015"]
[Site "Berlin GER"]
[Date "2015.10.13"]
[Round "5.44"]
[White "Olafsson, Helgi"]
[Black "Edouard, Romain"]
[Result "0-1"]
[WhiteTitle "GM"]
[BlackTitle "GM"]
[WhiteElo "2549"]
[BlackElo "2636"]
[WhiteFideId "2300010"]
[BlackFideId "633429"]
[EventDate "2015.10.13"]

1. Nf3 Nf6 2. c4 b6 3. d4 Bb7 4. Nc3 e6 5. Bg5 Be7 6. e3 h6 7. Bh4 c5 8. dxc5
bxc5 9. Be2 O-O 10. O-O d6 11. Qc2 Nbd7 12. Rfd1 Bc6 13. Rd2 Rc8 14. Rad1 d5 15.
cxd5 exd5 16. Bb5 Bxb5 17. Nxb5 Qa5 18. Nc3 Nb6 19. b3 c4 20. Bxf6 Bxf6 21. Nxd5
Nxd5 22. Rxd5 Qb4 23. bxc4 Rxc4 24. Qe2 Rfc8 25. h3 Qa4 26. R5d2 Rc2 27. Rxc2
Rxc2 28. Rd2 Rc1+ 29. Kh2 Qc6 30. e4 Qc7+ 31. g3 Ra1 32. e5 Qc1 33. g4 Bg5 34.
Nxg5 0-1

[Event "World Blitz 2015"]
[Site "Berlin GER"]
[Date "2015.10.13"]
[Round "5.45"]
[White "Ganguly, Surya Shekhar"]
[Black "Rublevsky, Sergei"]
[Result "1-0"]
[WhiteTitle "GM"]
[BlackTitle "GM"]
[WhiteElo "2652"]
[BlackElo "2702"]
[WhiteFideId "5002150"]
[BlackFideId "4115309"]
[EventDate "2015.10.13"]

1. e4 c5 2. Nf3 e6 3. d4 cxd4 4. Nxd4 Nc6 5. Nc3 a6 6. Be2 d6 7. O-O Nf6 8. Be3
Be7 9. f4 O-O 10. a4 Qc7 11. Kh1 Re8 12. Bf3 Rb8 13. g4 Nxd4 14. Bxd4 e5 15.
fxe5 dxe5 16. Ba7 Ra8 17. g5 Rd8 18. Qe2 Ne8 19. Be3 Be6 20. Nd5 Bxd5 21. exd5
Nd6 22. a5 Re8 23. Bg2 Nc4 24. Bc1 Nxa5 25. b3 Rac8 26. Be4 g6 27. Be3 Bb4 28.
Qf2 Qe7 29. Bb6 Bc5 30. Bxc5 Rxc5 31. d6 1-0

[Event "World Blitz 2015"]
[Site "Berlin GER"]
[Date "2015.10.13"]
[Round "5.48"]
[White "Pavlidis, Antonios"]
[Black "Ragger, Markus"]
[Result "1/2-1/2"]
[WhiteTitle "GM"]
[BlackTitle "GM"]
[WhiteElo "2522"]
[BlackElo "2698"]
[WhiteFideId "4212312"]
[BlackFideId "1610856"]
[EventDate "2015.10.13"]

1. e4 e5 2. Nf3 Nc6 3. Bb5 a6 4. Ba4 Nf6 5. O-O Be7 6. Re1 b5 7. Bb3 O-O 8. c3
Na5 9. Bc2 d5 10. exd5 e4 11. Bxe4 Nxe4 12. Rxe4 Bb7 13. d3 Bxd5 14. Re1 Re8 15.
Nbd2 f6 16. Ne4 c5 17. Bf4 Qd7 18. Qc2 Bf7 19. Bg3 Bf8 20. Re3 Rad8 21. Rae1 Nc6
22. Bh4 Re6 23. h3 Rde8 24. Ned2 Rxe3 25. Rxe3 Rxe3 26. fxe3 Qe6 27. e4 Qxa2 28.
d4 cxd4 29. cxd4 Nb4 30. Qc3 a5 31. d5 Qa1+ 32. Kh2 Qd1 33. Bg3 Qc2 34. Qd4 Bc5
35. Qc3 Qxc3 36. bxc3 Na2 37. Bc7 a4 38. Ba5 Nc1 39. Nd4 Bxd4 40. cxd4 Nd3 41.
Kg3 b4 42. d6 Be8 43. Kf3 b3 44. Ke3 Nc1 45. Bb4 Na2 46. Ba3 Nc3 47. d5 Kf7 48.
Bb4 Nb5 49. Nb1 Bd7 50. Kd3 h5 51. Kc4 g5 52. Kc5 h4 53. Na3 Nxa3 54. Bxa3 Ke8
55. Kd4 g4 56. hxg4 Bxg4 57. Ke3 Kd7 58. Kf4 h3 59. gxh3 Bxh3 60. e5 fxe5+ 61.
Kxe5 Bg2 62. Kd4 Bf3 63. Kc5 Be2 64. Kb4 Bd1 65. Bb2 Kxd6 66. Kxa4 Kxd5 67. Ka3
Kc4 68. Bh8 Kd3 69. Kb2 1/2-1/2

[Event "World Blitz 2015"]
[Site "Berlin GER"]
[Date "2015.10.13"]
[Round "5.49"]
[White "Hasangatin, Ramil"]
[Black "Vitiugov, Nikita"]
[Result "0-1"]
[WhiteTitle "GM"]
[BlackTitle "GM"]
[WhiteElo "2509"]
[BlackElo "2725"]
[WhiteFideId "4122160"]
[BlackFideId "4152956"]
[EventDate "2015.10.13"]

1. e4 c5 2. Nf3 e6 3. g3 Nc6 4. Bg2 Nf6 5. d3 d6 6. O-O Be7 7. Nbd2 O-O 8. Nc4
Nd7 9. a4 Rb8 10. Bf4 e5 11. Bd2 b6 12. c3 a6 13. b4 b5 14. axb5 axb5 15. Ne3
cxb4 16. cxb4 Nb6 17. Nd5 Be6 18. Nxb6 Qxb6 19. Be3 Qb7 20. d4 Bc4 21. Re1 Ra8
22. Qd2 Ra4 23. dxe5 dxe5 24. Bc5 Nxb4 25. Rxa4 bxa4 26. Bxe7 Qxe7 27. Qc3 Be6
28. Nxe5 Rc8 29. Qd2 a3 30. Ra1 a2 31. Nd3 Nc2 32. Rc1 a1=Q 33. Rxa1 Nxa1 34.
Qb2 Nb3 35. Nf4 0-1

[Event "World Blitz 2015"]
[Site "Berlin GER"]
[Date "2015.10.13"]
[Round "5.50"]
[White "Ernst, Sipke"]
[Black "Bacrot, Etienne"]
[Result "1/2-1/2"]
[WhiteTitle "GM"]
[BlackTitle "GM"]
[WhiteElo "2527"]
[BlackElo "2697"]
[WhiteFideId "1004689"]
[BlackFideId "605506"]
[EventDate "2015.10.13"]

1. d4 Nf6 2. Nf3 e6 3. c4 c5 4. e3 cxd4 5. exd4 Bb4+ 6. Nc3 O-O 7. Bd3 b6 8. O-O
Bb7 9. Bg5 h6 10. Bh4 Bxc3 11. bxc3 d6 12. Nd2 Nbd7 13. f4 Rc8 14. a4 d5 15. Qe2
Ba6 16. a5 dxc4 17. Nxc4 bxa5 18. Nxa5 Bxd3 19. Qxd3 Qc7 20. c4 Rfd8 21. Qf3 Re8
22. c5 Nd5 23. Nc4 Nxc5 24. f5 Nb3 25. fxe6 fxe6 26. Qxb3 Qxc4 27. Qxc4 Rxc4 28.
Rxa7 Rxd4 29. Bf2 Rd2 30. Bc5 Rc2 31. Rff7 1/2-1/2

[Event "World Blitz 2015"]
[Site "Berlin GER"]
[Date "2015.10.13"]
[Round "5.51"]
[White "Jumabayev, Rinat"]
[Black "Shchekachev, Andrei"]
[Result "1-0"]
[WhiteTitle "GM"]
[BlackTitle "GM"]
[WhiteElo "2606"]
[BlackElo "2531"]
[WhiteFideId "13702661"]
[BlackFideId "4107730"]
[EventDate "2015.10.13"]

1. d4 d6 2. Nf3 g6 3. c4 Bg7 4. Nc3 Nd7 5. e4 e5 6. Be2 Ngf6 7. d5 Nc5 8. Qc2 a5
9. Be3 O-O 10. Nd2 Ng4 11. Bxg4 Bxg4 12. h4 f5 13. f3 Bh5 14. O-O-O f4 15. Bf2
b6 16. Kb1 Bf6 17. Nb3 Qd7 18. Nb5 Rfb8 19. Nc1 Na6 20. Ne2 Nc5 21. Nec3 Rf8 22.
Qe2 Bd8 23. Rc1 Rf7 24. b3 Rf8 25. Kb2 Be7 26. Rc2 Na6 27. Rcc1 Nc5 28. Ra1 Na6
29. a3 Rf7 30. Qc2 Rff8 31. Qd1 Rfb8 32. Qc2 Rf8 33. Ne2 Kh8 34. Nc1 Nc5 35. Nd3
Kg8 36. Qc3 Rfb8 37. Kc2 Rf8 38. Nb2 Nb7 39. b4 Rfc8 40. Qb3 Kh8 41. Kd2 Bf6 42.
Nd3 Bg7 43. Nc3 Bf6 44. Rac1 Rcb8 45. Rb1 Bg7 46. Qc2 Qe8 47. c5 axb4 48. axb4
bxc5 49. bxc5 Na5 50. c6 Nc4+ 51. Ke2 h6 52. Rb7 Qc8 53. Rhb1 Na5 54. Qb2 Nxb7
55. cxb7 Qe8 56. bxa8=Q Rxb2+ 57. Rxb2 Qxa8 58. Rc2 Qa6 59. Kd2 g5 60. hxg5 hxg5
61. Ne2 g4 62. Ng1 Bf6 63. Ke2 Qa4 64. Kd2 gxf3 65. gxf3 Kg8 66. Rxc7 Qa5+ 67.
Rc3 Bd8 68. Be1 Bb6 69. Ke2 Qa2+ 70. Kf1 Bxg1 71. Kxg1 Qe2 72. Bf2 Bxf3 73. Ne1
Bxe4 74. Rc6 Qg4+ 75. Kh2 Qh5+ 1-0

[Event "World Blitz 2015"]
[Site "Berlin GER"]
[Date "2015.10.13"]
[Round "5.52"]
[White "Bartel, Mateusz"]
[Black "Handke, Florian"]
[Result "1-0"]
[WhiteTitle "GM"]
[BlackTitle "GM"]
[WhiteElo "2622"]
[BlackElo "2531"]
[WhiteFideId "1112635"]
[BlackFideId "4634527"]
[EventDate "2015.10.13"]

1. g3 d5 2. Bg2 c6 3. d3 Nf6 4. f4 h5 5. Nf3 Bg4 6. Nc3 Nbd7 7. Nh4 Nc5 8. h3
Bc8 9. e4 dxe4 10. dxe4 Qxd1+ 11. Kxd1 e5 12. Be3 Be6 13. Ke2 O-O-O 14. b3 g6
15. Rad1 Bg7 16. Bxc5 exf4 17. gxf4 Rde8 18. e5 Nd7 19. Be3 g5 20. Nf3 gxf4 21.
Bxf4 f6 22. Ne4 1-0

[Event "World Blitz 2015"]
[Site "Berlin GER"]
[Date "2015.10.13"]
[Round "5.53"]
[White "Safarli, Eltaj"]
[Black "Svane, Rasmus"]
[Result "1/2-1/2"]
[WhiteTitle "GM"]
[BlackTitle "IM"]
[WhiteElo "2657"]
[BlackElo "2543"]
[WhiteFideId "13402129"]
[BlackFideId "4657101"]
[EventDate "2015.10.13"]

1. e4 e6 2. d4 d5 3. Nd2 c5 4. Ngf3 cxd4 5. Nxd4 Nf6 6. Bb5+ Bd7 7. Bxd7+ Nbxd7
8. exd5 Nxd5 9. O-O Be7 10. c4 N5f6 11. N2f3 O-O 12. b3 a6 13. Qe2 Qc7 14. Bb2
Rfe8 15. Nxe6 fxe6 16. Qxe6+ Kh8 17. Ng5 h6 18. Nf7+ Kh7 19. Qf5+ Kg8 20. Qg6
Qf4 21. Bc1 Nf8 22. Nxh6+ Qxh6 23. Qxe8 Rxe8 24. Bxh6 gxh6 25. Rfe1 Kf7 26. g3
Rd8 27. Rad1 Rxd1 28. Rxd1 Bc5 29. Kg2 Ne6 30. f4 a5 31. Re1 b6 32. h3 h5 33.
Kf3 Nd4+ 34. Kg2 Nc6 35. Kf3 Nd4+ 36. Kg2 Nd7 37. g4 h4 38. Re4 Nf6 39. Re5 Bd6
40. Re1 Bxf4 41. Rd1 Be5 42. Re1 Nc6 43. g5 Nd7 44. Kf3 Bg3 45. Rd1 Nce5+ 46.
Ke4 Ke6 47. Rf1 Nc5+ 48. Ke3 Ned7 49. g6 Nf6 50. g7 Ncd7 51. a3 Kf7 52. b4 Kxg7
53. c5 bxc5 54. bxa5 Be5 55. a6 Bd4+ 56. Kf4 Nd5+ 57. Ke4 N5b6 58. a7 Nf6+ 59.
Kd3 Kf7 60. a4 Ke6 61. Rb1 Nfd5 62. a5 Na8 63. Rb8 Ndc7 64. Kc4 Kd7 65. Rg8 Kc6
66. Rb8 Be5 67. Rb1 Bg3 68. Rb8 Bf4 69. Rb1 Ne8 70. Rb8 Nec7 71. Rb2 Na6 72. Rb1
Nb4 73. Rf1 Bg3 74. Rf6+ Kb7 75. Kxc5 Na6+ 76. Kd5 N8c7+ 77. Ke4 Kxa7 78. Kf5
Kb7 79. Rh6 Nc5 80. Kg4 Nd3 81. Rxh4 Bxh4 82. Kxh4 Ne6 83. Kg4 Ng7 84. h4 Ne5+
85. Kg5 Nf3+ 86. Kg6 Nxh4+ 1/2-1/2

[Event "World Blitz 2015"]
[Site "Berlin GER"]
[Date "2015.10.13"]
[Round "5.54"]
[White "Hirneise, Tobias"]
[Black "Inarkiev, Ernesto"]
[Result "1/2-1/2"]
[WhiteTitle "IM"]
[BlackTitle "GM"]
[WhiteElo "2457"]
[BlackElo "2660"]
[WhiteFideId "24600881"]
[BlackFideId "4162722"]
[EventDate "2015.10.13"]

1. d4 d5 2. c4 c6 3. Nf3 Nf6 4. Nc3 dxc4 5. a4 Bf5 6. Ne5 Nbd7 7. Nxc4 Qc7 8. g3
e5 9. dxe5 Nxe5 10. Bf4 Nfd7 11. Bg2 f6 12. O-O g5 13. Nxe5 gxf4 14. Nxd7 Qxd7
15. Qxd7+ Bxd7 16. gxf4 Rg8 17. Kh1 O-O-O 18. Be4 h6 19. Rg1 Bb4 20. Rxg8 Rxg8
21. Rg1 Rxg1+ 22. Kxg1 Be6 23. Bc2 Kd7 24. Ne4 Ke7 25. Ng3 b5 26. axb5 cxb5 27.
Nf5+ Bxf5 28. Bxf5 Bd2 29. e3 Kd6 30. Kf1 a5 1/2-1/2

[Event "World Blitz 2015"]
[Site "Berlin GER"]
[Date "2015.10.13"]
[Round "5.55"]
[White "Cordeiro, Marco Aurelio Zaror"]
[Black "Fridman, Daniel"]
[Result "0-1"]
[BlackTitle "GM"]
[WhiteElo "2228"]
[BlackElo "2649"]
[WhiteFideId "2117991"]
[BlackFideId "11600454"]
[EventDate "2015.10.13"]

1. e4 e6 2. d4 d5 3. Nd2 c5 4. exd5 Qxd5 5. Ngf3 cxd4 6. Bc4 Qd7 7. O-O Nc6 8.
Nb3 a6 9. a4 Nf6 10. Nbxd4 Nxd4 11. Qxd4 Qxd4 12. Nxd4 Bd7 13. Bg5 Rc8 14. Bd3
Bc5 15. Nf3 h6 16. Bh4 Bd6 17. c3 Nd5 18. Rfe1 O-O 19. Ne5 Be8 20. Bc2 b5 21.
axb5 axb5 22. Bb3 Nb6 23. Ra6 Rb8 24. Nf3 b4 25. Rd1 Bc5 26. Ra5 Nd7 27. Ba4 Bb6
28. Ra6 bxc3 29. bxc3 Nc5 30. Rxb6 Rxb6 31. Bc2 g5 32. Bg3 Ba4 33. Bxa4 Nxa4 34.
Ne5 Nxc3 35. Re1 Rb1 36. Rxb1 Nxb1 37. h4 Kg7 38. hxg5 hxg5 39. f4 gxf4 40. Bxf4
Nc3 41. Kh2 Rh8+ 42. Kg3 Ne2+ 43. Kf3 Nxf4 44. Kxf4 Ra8 45. Nf3 f6 46. g4 Ra4+
47. Kg3 Ra3 48. Kf4 e5+ 49. Ke4 Ra4+ 50. Kd5 Rxg4 0-1

[Event "World Blitz 2015"]
[Site "Berlin GER"]
[Date "2015.10.13"]
[Round "5.57"]
[White "Agdestein, Simen"]
[Black "Richter, Michael"]
[Result "1-0"]
[WhiteTitle "GM"]
[BlackTitle "GM"]
[WhiteElo "2606"]
[BlackElo "2517"]
[WhiteFideId "1500015"]
[BlackFideId "4618920"]
[EventDate "2015.10.13"]

1. c4 e6 2. d4 d5 3. Nc3 c6 4. e3 f5 5. b3 Nf6 6. Bb2 Bd6 7. Qc2 O-O 8. O-O-O a6
9. h3 b5 10. c5 Bc7 11. Bd3 a5 12. g4 a4 13. gxf5 axb3 14. axb3 exf5 15. Kb1 Na6
16. Na2 Qe7 17. Nf3 Ne4 18. Rdg1 Bd7 19. h4 Rae8 20. Rg2 f4 21. Ne5 f3 22. Rgg1
Bxe5 23. dxe5 Be6 24. b4 Rf7 25. Bd4 Ra8 26. Kb2 Nc7 27. Nc3 Bf5 28. Nxe4 dxe4
29. Bxe4 Bxe4 30. Qxe4 Qe6 31. Ra1 Rff8 32. Bc3 Nd5 33. Qc2 Rfd8 34. Rhd1 h6 35.
e4 Nf4 36. Rd6 Qc4 37. Qd2 Nd3+ 38. Qxd3 1-0

[Event "World Blitz 2015"]
[Site "Berlin GER"]
[Date "2015.10.13"]
[Round "5.58"]
[White "Vovk, Yuri"]
[Black "Ladva, Ottomar"]
[Result "1-0"]
[WhiteTitle "GM"]
[BlackTitle "IM"]
[WhiteElo "2617"]
[BlackElo "2423"]
[WhiteFideId "14113171"]
[BlackFideId "4500024"]
[EventDate "2015.10.13"]

1. d4 Nf6 2. c4 e6 3. Nf3 d5 4. Nc3 c5 5. cxd5 Nxd5 6. e4 Nxc3 7. bxc3 cxd4 8.
cxd4 Bb4+ 9. Bd2 Bxd2+ 10. Qxd2 O-O 11. Rc1 b6 12. Bd3 Bb7 13. O-O Nc6 14. Qb2
Rc8 15. Rfd1 Qe7 16. a3 Rfd8 17. d5 exd5 18. exd5 Na5 19. Rxc8 Bxc8 20. Re1 Qf6
21. Qc2 g6 22. Qc7 Bb7 23. Ne5 Rxd5 24. h3 Qf4 25. Re4 Qf6 26. Ng4 Qd8 27. Re8+
Qxe8 28. Nf6+ Kf8 29. Nxe8 Kxe8 30. Be2 Rd2 31. Bb5+ Kf8 32. Qc3 Rd1+ 33. Kh2
Rd5 34. Qh8+ Ke7 35. Qe8+ Kf6 36. Be2 Rf5 37. Qe3 h5 38. g4 hxg4 39. hxg4 Rc5
40. Qd4+ Ke7 41. Kg3 g5 42. f3 f6 43. Qe3+ Re5 44. Qd2 Rd5 45. Qc2 Re5 46. Qc7+
Kf8 47. Bd1 Rd5 48. Bc2 Re5 49. Bg6 Re7 50. Qd8+ Kg7 51. Qxe7+ Kxg6 52. Qe8+ Kg7
53. Qe7+ Kg6 54. f4 gxf4+ 55. Kxf4 Bd5 56. Qxa7 Nc4 57. Kg3 Bf7 58. a4 Be6 59.
Qe7 Bf7 60. Qb4 Be6 61. Qe1 Bf7 62. Qf2 Be6 63. Qd4 Bf7 64. Kh4 Be6 65. Qe4+ Kf7
66. g5 fxg5+ 67. Kxg5 Ke7 68. Qd4 Bf7 69. Qf6+ Ke8 70. Kf4 Bd5 71. Qd4 Be6 72.
Kg5 Ke7 73. Qf4 Kd7 74. Kf6 Bd5 75. Qd4 Kc6 76. Ke7 Bg8 77. Qf6+ Kc5 78. Qg5+
Bd5 79. Kd7 Nb2 80. Qc1+ Nc4 81. Kc7 Kb4 82. Qa1 Kc5 83. Qc3 Bg8 84. Kd7 Bd5 85.
Ke7 Bg8 86. Kf6 Bd5 87. Kf5 Bc6 88. Qa1 Nd6+ 89. Kf4 Nc4 90. Kf5 Bd5 91. Kf4 Bc6
92. Qa2 Bd5 93. Qc2 Bc6 94. Kg5 Bd5 95. Qf2+ Kb4 96. Qd4 Bc6 97. Kf4 Bxa4 98.
Kf3 Bc6+ 99. Ke2 Bb5 100. Kd1 Ba4+ 101. Kc1 Bb5 102. Qd8 Kc5 103. Kc2 Bc6 104.
Kc3 Nd6 105. Qe7 Kd5 106. Kb4 b5 107. Qg5+ Ke6 108. Qg6+ Kd5 109. Qg2+ Ne4 110.
Qf3 Kd4 111. Qf4 Bd5 112. Kxb5 Bc4+ 113. Kb4 Bd5 114. Qc1 Ke5 115. Qe3 Ke6 116.
Kb5 Kd6 117. Kb6 Ke6 118. Kc7 Ke5 119. Qb6 Bc4 120. Qh6 Bd5 121. Qh2+ Kd4 122.
Qf4 Kc5 123. Qe5 Kc4 124. Kb6 Nc3 125. Qf4+ Ne4 126. Qe3 Nc3 127. Qc5+ Kd3 128.
Ka5 Bc4 129. Qf5+ Kd4 130. Qf6+ Kd3 131. Qf1+ Kd4 132. Qf2+ Kd3 133. Kb4 Nd5+
134. Kc5 Bb3 135. Qf3+ Kc2 136. Kd4 Kb2 137. Qf8 Kc2 138. Qa3 Nb6 139. Qa1 Nd5
140. Qa3 Nb6 141. Qc5+ Nc4 142. Qb4 Kb2 143. Qb5 Na3 144. Qe2+ Nc2+ 145. Kd3 Ba4
146. Kc4 Bb3+ 147. Kd3 Ba4 148. Kd2 Bb3 149. Qe5+ Ka2 150. Kc3 Na3 151. Qa5 1-0